Účtovníctvo a bártrový obchod
Bártrový obchod je typ transakcie, pri ktorej sa tovar alebo služba vymieňa za iný tovar alebo službu bez použitia peňazí. Pri barterovom obchode sa musí rovnako ako v pri transakciách, ktoré sa vysporiadavajú finančne, účtovať o pohľadávkach a záväzkoch v presne stanovenej hodnote. Zákon o účtovníc...
Salvato in:
| Autore principale: | |
|---|---|
| Natura: | Capitolo di libro |
| Lingua: | slovacco |
| Soggetti: | |
| Tags: |
Nessun Tag, puoi essere il primo ad aggiungerne!!
|
MARC
| LEADER | 00000naa a2200000 4500 | ||
|---|---|---|---|
| 001 | 0313098 | ||
| 005 | 20251107091508.9 | ||
| 041 | 0 | |a slo | |
| 044 | |a SK | ||
| 245 | 1 | 0 | |a Účtovníctvo a bártrový obchod |c Marián Drozd |
| 520 | |a Bártrový obchod je typ transakcie, pri ktorej sa tovar alebo služba vymieňa za iný tovar alebo službu bez použitia peňazí. Pri barterovom obchode sa musí rovnako ako v pri transakciách, ktoré sa vysporiadavajú finančne, účtovať o pohľadávkach a záväzkoch v presne stanovenej hodnote. Zákon o účtovníctve a ani postupy účtovania pre podnikateľov (jednoduché alebo podvojné účtovníctvo) neupravujú osobitne spôsob účtovania pri zámennom (výmennom, bártrovom) obchode. Z toho dôvodu je potrebné vychádzať zo všeobecných zásad stanovených v účtovných predpisoch. | ||
| 610 | 2 | 0 | |a účtovníctvo |
| 610 | 2 | 0 | |a obchod |
| 610 | 2 | 0 | |a obchod výmenný |
| 610 | 2 | 0 | |a tovar |
| 610 | 2 | 0 | |a zákon hodnoty |
| 610 | 2 | 0 | |a zákonník obchodný |
| 100 | 1 | |a Drozd, Marián | |